000 00268nam a22001337a 4500
020 _a0-7214-0827-3
082 _a823
_bCAM/T
100 _aCAMERON, JOAN
245 _aTHE TINDER BOX
260 _aUK
300 _a51
650 _aENGLISH SHORT STORY
_zUK
942 _cBK
999 _c3969
_d3969